[Event "TCh-CHN 2016"]
[Site "China CHN"]
[Date "2016.06.23"]
[Round "5.3"]
[Board "1"]
[White "Zhou, Jianchao"]
[Black "Malakhov, Vladimir"]
[Result "1/2-1/2"]
[WhiteTitle "GM"]
[BlackTitle "GM"]
[WhiteElo "2612"]
[BlackElo "2695"]
[WhiteTeam "Shanghai"]
[BlackTeam "Tianjing"]
[WhiteFideId "8603537"]
[BlackFideId "4120787"]
[EventDate "2016.04.12"]

1. c4 e5 2. Nf3 Nc6 3. d3 Nf6 4. a3 g6 5. b4 d6 6. Bb2 Bg7 7. Nbd2 O-O 8. e3 a5
9. b5 Ne7 10. Be2 Nd7 11. Qc2 Nc5 12. a4 Bf5 13. O-O Nc8 14. Nb3 Re8 15. Nxc5
dxc5 16. Nd2 Nd6 17. Bf3 Bxd3 18. Qxd3 e4 19. Nxe4 Nxe4 20. Bxe4 Qxd3 21. Bxd3
Bxb2 22. Rad1 Rad8 23. Be2 Bf6 24. Bf3 Rxd1 25. Rxd1 Rd8 26. Rxd8+ Bxd8 27. Bxb7
Bf6 28. f4 Bc3 29. Kf2 Kf8 30. g4 h6 31. h4 Ke7 32. h5 gxh5 33. gxh5 f6 34. Bc8
Kd6 35. Kf3 Bd2 36. e4 Be1 37. Kg4 Bf2 38. Kf5 Bg3 39. Kg4 Bh2 40. Kf5 Bg3 41.
Kg4 Bh2 1/2-1/2

[Event "TCh-CHN 2016"]
[Site "China CHN"]
[Date "2016.06.23"]
[Round "5.3"]
[Board "2"]
[White "Ni, Hua"]
[Black "Li, Yankai"]
[Result "1-0"]
[WhiteTitle "GM"]
[WhiteElo "2681"]
[BlackElo "2206"]
[WhiteTeam "Shanghai"]
[BlackTeam "Tianjing"]
[WhiteFideId "8601160"]
[BlackFideId "8609357"]
[EventDate "2016.04.12"]

1. e4 e5 2. Nf3 Nc6 3. Bb5 Nf6 4. d3 d6 5. c3 g6 6. O-O Bg7 7. Nbd2 O-O 8. Re1
Bd7 9. Ba4 a6 10. h3 Re8 11. Bb3 Be6 12. Nc4 b5 13. Ne3 Bxb3 14. Qxb3 Na5 15.
Qc2 c5 16. Nh2 Nc6 17. Nhg4 Nxg4 18. hxg4 Ne7 19. g5 Qd7 20. Qe2 f5 21. gxf6
Bxf6 22. g3 Qe6 23. Kg2 Rf8 24. a4 Bg5 25. Rh1 h5 26. Bd2 Qf7 27. Nf1 Qf6 28.
Be3 Kg7 29. Nd2 Ng8 30. Bxg5 Qxg5 31. Nf3 Qf6 32. axb5 axb5 33. Rxa8 Rxa8 34. d4
exd4 35. cxd4 c4 36. b3 Re8 37. bxc4 bxc4 38. d5 Qf5 39. Re1 Qc8 40. Ng5 Nf6 41.
Ne6+ Rxe6 42. dxe6 Qxe6 43. Qe3 d5 44. e5 Ng4 45. Qa7+ Qf7 46. Qd4 Qe6 47. Qa7+
Qf7 48. Qb6 c3 49. f3 Nh6 50. e6 Qe7 51. Qd4+ Kg8 52. Qxc3 Nf5 53. Qc8+ Kg7 54.
Qd7 d4 55. g4 1-0

[Event "TCh-CHN 2016"]
[Site "China CHN"]
[Date "2016.06.23"]
[Round "5.3"]
[Board "3"]
[White "Xu, Yi"]
[Black "Wang, Yue"]
[Result "0-1"]
[WhiteTitle "FM"]
[BlackTitle "GM"]
[WhiteElo "2386"]
[BlackElo "2718"]
[WhiteTeam "Shanghai"]
[BlackTeam "Tianjing"]
[WhiteFideId "8605564"]
[BlackFideId "8601429"]
[EventDate "2016.04.12"]

1. e4 e5 2. Nf3 Nc6 3. Nc3 Nf6 4. d4 exd4 5. Nxd4 Bb4 6. Nxc6 bxc6 7. Bd3 O-O 8.
O-O Re8 9. Qf3 Rb8 10. Be3 Bd6 11. Bxa7 Rxb2 12. Bd4 Rb4 13. Ne2 c5 14. Bxf6
Qxf6 15. Qxf6 gxf6 16. a3 Rb8 17. f4 c4 18. Bxc4 Rxe4 19. Bd3 Ra4 20. Rf3 h5 21.
Rg3+ Kh8 22. Rh3 Bc5+ 23. Kh1 d6 24. Rxh5+ Kg8 25. Rf1 Rxa3 26. Ng3 Rba8 27.
Bh7+ Kg7 28. Be4 R8a5 29. Rd5 Ra1 30. Rdd1 Rxd1 31. Rxd1 Bf2 32. Ne2 Be3 33. Bd3
Bb7 34. h3 f5 35. Rb1 Bc6 36. Kh2 Kf6 37. Rb8 Be4 38. Rb3 Bd2 39. g4 Ra2 40. g5+
Kg6 41. Bxe4 fxe4 42. Kg3 Rxc2 43. Kg4 f5+ 0-1

[Event "TCh-CHN 2016"]
[Site "China CHN"]
[Date "2016.06.23"]
[Round "5.3"]
[Board "4"]
[White "Khotenashvili, Bela"]
[Black "Ju, Wenjun"]
[Result "0-1"]
[WhiteTitle "GM"]
[BlackTitle "GM"]
[WhiteElo "2493"]
[BlackElo "2568"]
[WhiteTeam "Tianjing"]
[BlackTeam "Shanghai"]
[WhiteFideId "13602640"]
[BlackFideId "8603006"]
[EventDate "2016.04.12"]

1. d4 Nf6 2. c4 e6 3. Nf3 d5 4. Bg5 Bb4+ 5. Nbd2 dxc4 6. e3 b5 7. a3 Ba5 8. b4
Bb6 9. a4 c6 10. a5 Bc7 11. Ne4 Na6 12. Bxf6 gxf6 13. Qb1 f5 14. Nc5 Nxc5 15.
dxc5 Qf6 16. Ra3 e5 17. g3 e4 18. Nd4 Be5 19. Bh3 O-O 20. O-O Bxd4 21. exd4 Qxd4
22. Rd1 Qf6 23. Rd6 Be6 24. Rxc6 Rfd8 25. Qc1 Rd3 26. Bf1 Rxa3 27. Qxa3 Rd8 28.
Qc1 h6 29. Qe3 c3 30. Qc1 Kh7 31. Rd6 Rxd6 32. cxd6 a6 33. Qd1 Bd7 34. Be2 Qe5
35. Kf1 f4 36. Qb3 f3 37. Qxf7+ Qg7 38. Qxg7+ Kxg7 39. Bd1 Kf6 40. Bc2 Ke5 41.
Ke1 Bc6 42. Bb3 Kxd6 43. h4 Ke5 44. Bc2 Bd7 45. Kd1 0-1

[Event "TCh-CHN 2016"]
[Site "China CHN"]
[Date "2016.06.23"]
[Round "5.3"]
[Board "5"]
[White "Xiao, Yiyi"]
[Black "Zhang, Xiaowen"]
[Result "0-1"]
[WhiteTitle "WFM"]
[BlackTitle "WGM"]
[WhiteElo "2222"]
[BlackElo "2374"]
[WhiteTeam "Tianjing"]
[BlackTeam "Shanghai"]
[WhiteFideId "8606161"]
[BlackFideId "8603219"]
[EventDate "2016.04.12"]

1. d4 Nf6 2. c4 e6 3. g3 d5 4. Bg2 dxc4 5. Nf3 Nc6 6. O-O Rb8 7. a4 b6 8. Nc3
Bb7 9. e4 Na5 10. Qe2 Bb4 11. e5 Nd5 12. Ne4 h6 13. h4 Ba6 14. Rd1 Qc8 15. Nh2
c3 16. Qc2 Bc4 17. bxc3 Bb3 18. Qd3 Nxc3 19. Nxc3 Bxc3 20. Qxc3 Bxd1 21. Ba3
Bxa4 22. d5 Qd7 23. Nf3 Bb3 24. Nd4 Bxd5 25. Bxd5 exd5 26. e6 fxe6 27. Nxe6 d4
28. Nxd4 Kf7 29. Nf3 Rhe8 30. Ne5+ Rxe5 31. Qxe5 Re8 32. Qh5+ Kg8 33. Rd1 Qc6
34. Rc1 Nc4 35. Bb4 b5 36. Bc3 Ne5 37. Bb2 Nf3+ 38. Kf1 Nd2+ 39. Kg1 Qe4 40.
Qxb5 Nf3+ 41. Kf1 Nd4 42. Qc4+ Kh8 43. Kg1 Ne2+ 44. Kh2 Nxc1 45. Qxc7 Re7 46.
Qxc1 Kh7 47. Qc5 Rb7 48. Qc1 a5 49. h5 a4 0-1

[Event "TCh-CHN 2016"]
[Site "China CHN"]
[Date "2016.06.23"]
[Round "5.4"]
[Board "1"]
[White "Yu, Yangyi"]
[Black "Lin, Chen"]
[Result "1-0"]
[WhiteTitle "GM"]
[BlackTitle "GM"]
[WhiteElo "2738"]
[BlackElo "2526"]
[WhiteTeam "Beijing"]
[BlackTeam "Jiangsu"]
[WhiteFideId "8603820"]
[BlackFideId "8602298"]
[EventDate "2016.04.12"]

1. d4 d5 2. c4 c6 3. Nf3 Nf6 4. Nc3 a6 5. c5 Bf5 6. Qb3 Qc8 7. Nh4 Be6 8. e3 g5
9. Nf3 h6 10. Ne5 Nbd7 11. f4 Bf5 12. Bd3 Bxd3 13. Nxd3 e6 14. O-O Bg7 15. Bd2
Qc7 16. Ne5 O-O 17. Rae1 Rae8 18. Re2 Nh7 19. e4 gxf4 20. Nxd7 Qxd7 21. Bxf4 f5
22. e5 Ng5 23. Re3 Kh7 24. Qd1 Rg8 25. Bxg5 hxg5 26. g4 Bh6 27. Qd3 Rgf8 28.
Ref3 Kg8 29. gxf5 exf5 30. Rxf5 Rxf5 31. Qxf5 Qxf5 32. Rxf5 Rf8 33. Rxf8+ Kxf8
34. Kf2 Kf7 35. Kf3 Kg6 36. Kg4 Bf8 37. Ne2 1-0

[Event "TCh-CHN 2016"]
[Site "China CHN"]
[Date "2016.06.23"]
[Round "5.4"]
[Board "2"]
[White "Zhang, Zhong"]
[Black "Wei, Yi"]
[Result "1/2-1/2"]
[WhiteTitle "GM"]
[BlackTitle "GM"]
[WhiteElo "2634"]
[BlackElo "2700"]
[WhiteTeam "Beijing"]
[BlackTeam "Jiangsu"]
[WhiteFideId "8600694"]
[BlackFideId "8603405"]
[EventDate "2016.04.12"]

1. e4 e5 2. Nf3 Nc6 3. d4 exd4 4. Nxd4 Nf6 5. Nc3 Bb4 6. Nxc6 bxc6 7. Bd3 d5 8.
exd5 O-O 9. O-O cxd5 10. h3 c6 11. Qf3 Re8 12. Bf4 Qe7 13. a3 Bd6 14. Bxd6 Qxd6
15. Rfe1 Bd7 16. Qg3 Qxg3 17. fxg3 c5 18. b3 h5 19. Nb5 Rec8 20. Re5 Rab8 21.
Nc3 Be6 22. Rf1 c4 23. bxc4 dxc4 24. Bf5 Bxf5 25. Rexf5 Rc6 26. Nd5 Nxd5 27.
Rxd5 Rb2 28. Rf2 Ra6 29. Rxh5 Rxa3 30. Rc5 Rc3 31. Rc7 1/2-1/2

[Event "TCh-CHN 2016"]
[Site "China CHN"]
[Date "2016.06.23"]
[Round "5.4"]
[Board "3"]
[White "Wang, Yiye"]
[Black "Yu, Ruiyuan"]
[Result "1-0"]
[WhiteTitle "IM"]
[BlackTitle "GM"]
[WhiteElo "2442"]
[BlackElo "2516"]
[WhiteTeam "Beijing"]
[BlackTeam "Jiangsu"]
[WhiteFideId "8606021"]
[BlackFideId "8603090"]
[EventDate "2016.04.12"]

1. e4 c6 2. c4 d5 3. cxd5 cxd5 4. exd5 Nf6 5. Qa4+ Nbd7 6. Nc3 g6 7. Nf3 Bg7 8.
Bc4 O-O 9. d3 a6 10. Qa3 Nb6 11. Qb3 Bg4 12. Ne5 Qc7 13. O-O Nc8 14. d4 Nd6 15.
Bd3 Bf5 16. Bxf5 Nxf5 17. Be3 Nd7 18. Nxd7 Qxd7 19. Rfd1 Rac8 20. Na4 Rcd8 21.
Nb6 Qb5 22. Qxb5 axb5 23. a4 e6 24. a5 exd5 25. Rac1 Rfe8 26. Rc7 Nxe3 27. fxe3
Rxe3 28. Rxb7 Re4 29. a6 Rxd4 30. Rxd4 Bxd4+ 31. Kf1 Kg7 32. Ke2 Kh6 33. Kd3 Bg1
34. a7 Bxb6 35. Rxb6 Ra8 36. Rb7 1-0

[Event "TCh-CHN 2016"]
[Site "China CHN"]
[Date "2016.06.23"]
[Round "5.4"]
[Board "4"]
[White "Guo, Qi"]
[Black "Zhao, Xue"]
[Result "1/2-1/2"]
[WhiteTitle "IM"]
[BlackTitle "GM"]
[WhiteElo "2436"]
[BlackElo "2504"]
[WhiteTeam "Jiangsu"]
[BlackTeam "Beijing"]
[WhiteFideId "8604002"]
[BlackFideId "8601283"]
[EventDate "2016.04.12"]

1. d4 Nf6 2. c4 e6 3. Nf3 b6 4. a3 Bb7 5. Nc3 d5 6. Bf4 Be7 7. e3 O-O 8. Rc1 c5
9. cxd5 exd5 10. Ne5 Nbd7 11. Bd3 a6 12. Qf3 Re8 13. O-O Nf8 14. Rfd1 cxd4 15.
exd4 Ne6 16. Be3 Bd6 17. Ng4 Nxg4 18. Qxg4 g6 19. g3 Bf8 20. Bf1 Bg7 21. Bg2 Rc8
22. Qf3 Qd6 23. Ne2 b5 24. Rxc8 Rxc8 25. Nc3 Kf8 26. Bh3 Rc4 27. Bxe6 Qxe6 28.
Qf4 Kg8 29. Qb8+ Qc8 30. Qxc8+ Rxc8 31. Rc1 Bf8 32. Ne2 Rc4 33. b3 Rxc1+ 34.
Bxc1 b4 35. axb4 Bxb4 36. Bb2 f6 37. Bc3 Bf8 38. Nf4 Kf7 39. Nd3 Bc8 40. f3 Bf5
41. Nc5 Bc8 42. Nd3 Bd6 43. Kf2 g5 44. Ke3 Kg6 45. Ba5 h5 46. Be1 Kf7 47. Nc5
Bc7 48. Nd3 Kg6 49. Nc5 Bd6 50. Nd3 Bc7 51. Nc5 Bd6 1/2-1/2

[Event "TCh-CHN 2016"]
[Site "China CHN"]
[Date "2016.06.23"]
[Round "5.5"]
[Board "3"]
[White "Lu, Shanglei"]
[Black "Mu, Ke"]
[Result "0-1"]
[WhiteTitle "GM"]
[WhiteElo "2619"]
[BlackElo "2418"]
[WhiteTeam "Zhejiang"]
[BlackTeam "Qingdao"]
[WhiteFideId "8603332"]
[BlackFideId "8602778"]
[EventDate "2016.04.12"]

1. e4 e5 2. Nf3 Nc6 3. Bb5 a6 4. Ba4 Nf6 5. O-O Be7 6. Re1 b5 7. Bb3 d6 8. c3
O-O 9. d4 Bg4 10. Be3 exd4 11. cxd4 Na5 12. Bc2 c5 13. h3 Bxf3 14. Qxf3 cxd4 15.
Bxd4 Rc8 16. Bb3 Nd7 17. Nc3 Bf6 18. Red1 Be5 19. Nd5 Nc4 20. Qe2 Re8 21. a4
Bxd4 22. Rxd4 Nde5 23. axb5 axb5 24. Ra6 h6 25. Nc3 Rb8 26. Rd5 Qc8 27. Ra1 Qc6
28. Rad1 Rec8 29. Na2 Qb6 30. Nb4 Qa5 31. Nd3 Nxd3 32. R5xd3 Qb4 33. Rg3 Rc5 34.
f4 Kh8 35. Kh2 Re8 36. Qg4 Rg8 37. h4 Rc7 38. Rd4 Qc5 39. Rd5 Ne3 40. Qf3 Nxd5
41. Bxd5 Qd4 42. Qb3 Qf6 43. f5 Qxh4+ 44. Rh3 Qf4+ 45. Rg3 h5 46. Qd1 g6 47.
Qd4+ Kh7 48. Qf6 Qe5 49. Qg5 h4 50. Qxh4+ Kg7 51. fxg6 Rh8 52. gxf7+ Kf8 0-1

[Event "TCh-CHN 2016"]
[Site "China CHN"]
[Date "2016.06.23"]
[Round "5.5"]
[Board "4"]
[White "Javakhishvili, Lela"]
[Black "Ding, Yixin"]
[Result "1/2-1/2"]
[WhiteTitle "IM"]
[BlackTitle "WGM"]
[WhiteElo "2497"]
[BlackElo "2426"]
[WhiteTeam "Qingdao"]
[BlackTeam "Zhejiang"]
[WhiteFideId "13601458"]
[BlackFideId "8602972"]
[EventDate "2016.04.12"]

1. d4 Nf6 2. c4 e6 3. g3 Bb4+ 4. Bd2 Bxd2+ 5. Nxd2 d6 6. Bg2 Nbd7 7. e3 O-O 8.
Ne2 e5 9. O-O c6 10. b4 exd4 11. exd4 d5 12. c5 Re8 13. Nc3 a6 14. Qc2 Nf8 15.
Rfe1 g6 16. Rxe8 Qxe8 17. Nf1 Bf5 18. Qd2 Qd7 19. Ne3 Bh3 20. Bh1 Ne6 21. a4 h5
22. Rd1 Kg7 23. Ng2 Re8 24. Nh4 Qe7 25. Re1 Ng4 26. f3 Nh6 27. Nd1 Qf6 28. Nf2
Bf5 29. f4 Nc7 30. Re5 Rxe5 31. fxe5 Qe7 32. h3 Bd7 33. Bg2 Nf5 34. Nxf5+ Bxf5
35. Nd1 f6 36. Ne3 Bd7 37. Qb2 fxe5 38. dxe5 Be6 39. h4 Qf7 40. Qd4 Kh7 41. Qb2
Bd7 42. Qf2 Kg7 43. Nc2 Ne6 44. Bh3 Nxc5 45. bxc5 Bxh3 46. Nd4 Qe7 47. Qf4 Qxc5
48. Qf6+ Kh7 49. e6 Bf5 50. e7 Bd7 51. Qf7+ Kh6 52. Qf8+ Kh7 53. Qf7+ Kh6 54.
Qf8+ Kh7 55. Qf7+ Kh6 1/2-1/2

[Event "TCh-CHN 2016"]
[Site "China CHN"]
[Date "2016.06.23"]
[Round "5.5"]
[Board "5"]
[White "Yao, Lan"]
[Black "Qiu, Mengjie"]
[Result "1/2-1/2"]
[BlackTitle "WFM"]
[WhiteElo "2132"]
[BlackElo "2207"]
[WhiteTeam "Qingdao"]
[BlackTeam "Zhejiang"]
[WhiteFideId "8610835"]
[BlackFideId "8606137"]
[EventDate "2016.04.12"]

1. e4 e5 2. Nf3 Nc6 3. Bb5 a6 4. Ba4 Nf6 5. d3 b5 6. Bb3 Be7 7. a4 b4 8. Nbd2 d6
9. O-O O-O 10. Nc4 Rb8 11. h3 h6 12. Bd2 Be6 13. Ne3 Bxb3 14. cxb3 d5 15. Qc2
dxe4 16. dxe4 Nd4 17. Nxd4 exd4 18. Nf5 Re8 19. Rfe1 c5 20. e5 Nh7 21. e6 fxe6
22. Rxe6 Bf8 23. Qc4 Kh8 24. Rxe8 Qxe8 25. Re1 Qg6 26. Ne7 Bxe7 27. Rxe7 Ng5 28.
Bxg5 Qxg5 29. Rc7 Re8 30. g3 Qf5 31. Kg2 Qe4+ 32. Kh2 Rf8 33. Rf7 Rxf7 34. Qxf7
Kh7 35. Qd7 Qf3 36. Kg1 d3 37. h4 h5 38. a5 Qd1+ 39. Kg2 Qxb3 40. Qf5+ g6 41.
Qxc5 Qxb2 42. Qe7+ Qg7 43. Qxb4 Qd7 44. Qd2 Qc6+ 45. Kg1 Qf3 46. Qg5 Qe2 47. Qf6
Qe8 48. Qf4 Qd7 49. Qd2 Qd5 50. Kh2 Qf3 51. Kg1 Qd5 52. Kh2 Qe4 53. Kg1 Kg7 54.
Qc3+ Kf7 55. Qc7+ Ke6 56. Qb6+ Kd5 57. Qb7+ Kd4 58. Qb4+ Ke5 59. Qe7+ Kf5 60.
Qd7+ Kf6 61. Qd6+ Kg7 62. Qc7+ Kh6 63. Qc1+ Kh7 64. Qc7+ Kg8 65. Qd8+ Kf7 66.
Qd7+ Kf6 67. Qd6+ Kg7 68. Qc7+ Kf8 69. Qd8+ Kg7 70. Qc7+ 1/2-1/2

[Event "TCh-CHN 2016"]
[Site "China CHN"]
[Date "2016.06.23"]
[Round "5.6"]
[Board "1"]
[White "Xu, Xiangyu"]
[Black "Bu, Xiangzhi"]
[Result "1-0"]
[BlackTitle "GM"]
[WhiteElo "2447"]
[BlackElo "2719"]
[WhiteTeam "Chengdu"]
[BlackTeam "Shandong"]
[WhiteFideId "8608288"]
[BlackFideId "8601445"]
[EventDate "2016.04.12"]

1. e4 g6 2. d4 Bg7 3. Nc3 c6 4. Be3 d5 5. Nf3 dxe4 6. Nxe4 Bf5 7. Ng3 Bg4 8. Bc4
e6 9. h3 Bxf3 10. Qxf3 Nf6 11. O-O-O Nbd7 12. h4 Nb6 13. Bb3 a5 14. a3 a4 15.
Ba2 Nbd5 16. h5 b5 17. hxg6 hxg6 18. Rxh8+ Bxh8 19. Bg5 Qd6 20. Bxd5 Qxd5 21.
Qf4 Nh5 22. Nxh5 gxh5 23. Bh4 Kf8 24. Rd3 e5 25. Qg5 exd4 26. Qe7+ Kg8 27. Rg3+
Kh7 28. Rg5 Qe6 29. Rxh5+ Kg8 30. Qxe6 fxe6 31. Kd2 Kf7 32. Kd3 Rc8 33. Bg3 Kg6
34. Rc5 Bf6 35. Bd6 e5 36. Ke4 Bg7 37. g4 Bf6 38. f3 Kf7 39. Kf5 Bg7 40. g5 Kg8
41. Kg6 e4 42. fxe4 d3 43. cxd3 Bxb2 44. Rc2 Bd4 45. e5 c5 46. Kf5 Kg7 47. e6 c4
48. dxc4 bxc4 49. Re2 c3 50. e7 Bc5 51. Bxc5 Rxc5+ 52. Kg4 Rc4+ 53. Kh5 1-0

[Event "TCh-CHN 2016"]
[Site "China CHN"]
[Date "2016.06.23"]
[Round "5.6"]
[Board "2"]
[White "Zhao, Yuanhe"]
[Black "Wen, Yang"]
[Result "1-0"]
[BlackTitle "GM"]
[WhiteElo "2313"]
[BlackElo "2614"]
[WhiteTeam "Chengdu"]
[BlackTeam "Shandong"]
[WhiteFideId "8609497"]
[BlackFideId "8602956"]
[EventDate "2016.04.12"]

1. d4 Nf6 2. c4 c5 3. d5 e5 4. Nc3 d6 5. e4 Be7 6. g3 Nbd7 7. Bg2 h5 8. Nf3 Nh7
9. Be3 h4 10. Qe2 O-O 11. Nd2 Ndf6 12. f4 Ng4 13. Bg1 hxg3 14. hxg3 exf4 15.
gxf4 Bh4+ 16. Kd1 Re8 17. Bf3 Nh6 18. Kc2 Bf6 19. Be3 Bd4 20. Bxd4 cxd4 21. Nb5
Bd7 22. Rag1 Kh8 23. Qh2 Rg8 24. Nxd4 b5 25. Bg4 bxc4 26. Bf5 Qf6 27. Bxh7 Kxh7
28. e5 dxe5 29. fxe5 Qb6 30. Ne4 1-0

[Event "TCh-CHN 2016"]
[Site "China CHN"]
[Date "2016.06.23"]
[Round "5.6"]
[Board "3"]
[White "Liu, Guanchu"]
[Black "Zhao, Jun"]
[Result "0-1"]
[WhiteTitle "IM"]
[BlackTitle "GM"]
[WhiteElo "2366"]
[BlackElo "2634"]
[WhiteTeam "Chengdu"]
[BlackTeam "Shandong"]
[WhiteFideId "8603901"]
[BlackFideId "8602522"]
[EventDate "2016.04.12"]

1. e4 e5 2. Nf3 Nc6 3. Bc4 Bc5 4. c3 Nf6 5. d4 exd4 6. cxd4 Bb4+ 7. Bd2 Nxe4 8.
Bxb4 Nxb4 9. Bxf7+ Kxf7 10. Qb3+ Kf8 11. Qxb4+ Qe7 12. Qxe7+ Kxe7 13. O-O Nf6
14. Nc3 d6 15. h3 Be6 16. Rfe1 Kd7 17. Ng5 Bd5 18. f3 Bg8 19. Kf2 c6 20. Nge4
Rf8 21. Nxf6+ Rxf6 22. g4 h5 23. Kg3 g5 24. Ne4 Rg6 25. Re3 Bd5 26. Rae1 Rh7 27.
Nc3 Be6 28. Ne4 Bd5 29. Nc3 Be6 30. Ne4 Bg8 31. gxh5 Rxh5 32. Kg4 Rh4+ 33. Kf5 0-1

[Event "TCh-CHN 2016"]
[Site "China CHN"]
[Date "2016.06.23"]
[Round "5.6"]
[Board "4"]
[White "Chu, Ruotong"]
[Black "Li, Yunshan"]
[Result "0-1"]
[BlackTitle "WFM"]
[WhiteElo "2078"]
[BlackElo "2024"]
[WhiteTeam "Shandong"]
[BlackTeam "Chengdu"]
[WhiteFideId "8605653"]
[BlackFideId "8607664"]
[EventDate "2016.04.12"]

1. d4 d5 2. c4 c6 3. Nf3 Nf6 4. e3 Bg4 5. Nbd2 e6 6. h3 Bh5 7. Be2 Nbd7 8. b3
Bd6 9. Bb2 O-O 10. O-O Qe7 11. Ne5 Bxe2 12. Qxe2 Ne4 13. Rfd1 f5 14. f3 Ng3 15.
Qf2 Nh5 16. f4 Nxe5 17. dxe5 Bc5 18. b4 Bxb4 19. cxd5 cxd5 20. g4 fxg4 21. hxg4
Nxf4 22. exf4 Bc5 23. Bd4 Bxd4 24. Qxd4 Qh4 25. f5 Rxf5 26. Nf1 Rg5 27. Nh2 h5
28. Qf2 Qh3 29. Qg2 hxg4 30. Qxh3 gxh3+ 31. Kh1 Rf8 32. Rd3 Rxe5 33. Rxh3 Re2
34. a3 d4 35. Rg1 e5 36. Rhg3 Rf7 37. R1g2 Rxg2 38. Kxg2 e4 39. Rg4 Re7 40. Kf1
d3 41. Ke1 Rc7 42. Nf1 Rc1+ 43. Kf2 Rc2+ 44. Ke1 e3 45. Nxe3 Re2+ 46. Kd1 Rxe3
47. Kd2 Re7 48. Kxd3 Kh7 49. a4 g6 50. a5 a6 51. Kc4 Re5 52. Rd4 Kh6 53. Rd7 Rb5
54. Kd4 g5 55. Ke3 Kh5 56. Kf3 Rb3+ 57. Kg2 Kh4 58. Rh7+ Kg4 59. Rd7 Rb2+ 60.
Kf1 Kg3 61. Rd3+ Kh4 62. Kg1 g4 63. Rc3 g3 64. Rc7 Kg4 65. Rf7 g2 66. Rf8 Kg3
67. Rg8+ Kf3 68. Rf8+ Ke4 69. Rd8 Ke5 70. Rd3 Ke6 71. Rd1 Rb5 72. Ra1 Rg5 73.
Rb1 Rg7 74. Rd1 Ke5 75. Rd2 Ke4 76. Rd1 Ke3 77. Rd6 Ke2 78. Rd5 Ke3 79. Rd6 Rg5
80. Rd7 Rxa5 81. Rxb7 Rg5 82. Rb1 a5 83. Ra1 Kd3 84. Ra4 Kc3 85. Rf4 Rc5 86.
Kxg2 Rc4 87. Rf3+ Kb2 88. Kf2 a4 89. Rf6 a3 90. Rb6+ Kc2 91. Ra6 Kb3 92. Ke2 a2
93. Kd3 Ra4 94. Rb6+ Ka3 95. Kc2 a1=Q 96. Rb3+ Ka2 0-1

[Event "TCh-CHN 2016"]
[Site "China CHN"]
[Date "2016.06.23"]
[Round "5.6"]
[Board "5"]
[White "Zhai, Mo"]
[Black "Ren, Xiaoyi"]
[Result "1/2-1/2"]
[WhiteTitle "WGM"]
[WhiteElo "2371"]
[BlackElo "2157"]
[WhiteTeam "Shandong"]
[BlackTeam "Chengdu"]
[WhiteFideId "8600201"]
[BlackFideId "8608709"]
[EventDate "2016.04.12"]

1. Nf3 g6 2. c4 Bg7 3. Nc3 d6 4. d4 Bg4 5. e3 Nd7 6. Be2 c5 7. O-O Rc8 8. Qa4
Nf6 9. h3 Bxf3 10. Bxf3 Qb6 11. dxc5 Rxc5 12. Qb3 O-O 13. Bd2 Ne5 14. Be2 Qc6
15. Nb5 Nxc4 16. Bxc4 Rxc4 17. Nxa7 Qa6 18. Nb5 Ne4 19. Be1 Rfc8 20. f3 Nf6 21.
Nc3 d5 22. a4 e6 23. Qb5 Qa7 24. Bf2 Qb8 25. a5 Ne8 26. Na4 Nc7 27. Qb3 Na6 28.
Rfd1 Nc5 29. Nxc5 R4xc5 30. Be1 Qa7 31. Qb6 Qxb6 32. axb6 Rb5 33. Rac1 Rxc1 34.
Rxc1 Bf6 35. b4 Rxb6 36. Kf1 Be7 37. Rb1 Rc6 38. Ra1 Rc4 39. Ra7 Bxb4 40. Rxb7
Bxe1 41. Kxe1 Rc2 42. Kf1 Kg7 43. Kg1 Re2 44. Rb3 h5 45. h4 Kf6 46. Rd3 Kf5 47.
Kh2 Rc2 48. Kg3 Rc4 49. Ra3 Rc7 50. Rb3 e5 51. Rb5 Ke6 52. Rb6+ Ke7 53. Rb5 Rd7
54. Kf2 Ke6 55. Ke2 Rd6 56. Ra5 Rb6 57. Ra2 Rb4 58. g3 Rb6 59. Kf2 e4 60. Rd2
exf3 61. Kxf3 Ke5 62. Ra2 Rb3 63. Ra4 f6 64. Rd4 Rc3 65. Ra4 Rb3 66. g4 hxg4+
67. Rxg4 Kf5 68. Rd4 Rb5 69. Rf4+ Ke6 70. Rg4 Kf5 71. Ra4 Rc5 72. Ra7 Ke6 73.
Ra6+ Ke5 74. Ra8 Rc4 75. Rh8 Rc1 76. Re8+ Kf5 77. Rd8 Rc5 78. Rd7 Ra5 79. Rd8
Ke6 80. Re8+ Kf7 81. Rd8 Rb5 82. Rd7+ Ke6 83. Rg7 Kf5 84. Rd7 Rc5 85. Rd8 Ke6
86. Rg8 Kf7 87. Rd8 Kg7 88. Rd7+ Kh6 89. Rd6 f5 90. Rd8 Rc4 91. Rxd5 Rxh4 92.
Rd1 Rh3+ 93. Kf4 Rh4+ 94. Kf3 Kg5 95. Rd6 Re4 96. Ra6 Rh4 97. Rb6 Rh3+ 98. Kf2
Kh5 99. Rf6 Rh2+ 100. Kf3 Ra2 101. Rf8 Ra4 102. Rf6 Re4 103. Rf8 Kh6 104. Rf7
Re5 105. Kf4 Re4+ 106. Kf3 Rc4 107. Kg3 Kg5 108. Ra7 Re4 109. Kf3 Kf6 110. Ra8
Re7 111. Ra6+ Re6 112. Ra8 g5 113. Ra5 g4+ 114. Kf2 Rb6 115. Ra8 Rb2+ 116. Kg3
Re2 117. Re8 Rd2 118. Rf8+ Ke6 119. Re8+ Kf7 120. Re5 Kf6 121. Re8 Ra2 122. Rf8+
Ke5 123. Re8+ Kd5 124. Rf8 Ke4 125. Re8+ Kd5 126. Rf8 Ke6 127. Re8+ Kf7 128. Re5
Kf6 129. Re8 Ra1 130. Rf8+ Ke5 131. Re8+ Kd5 132. Kg2 Ra2+ 133. Kg3 Re2 134. Re7
Re1 135. Kf2 Rh1 136. Re8 Rh3 137. Rf8 Rf3+ 138. Ke2 Ke6 139. Rg8 Kf6 140. e4
Rf4 141. exf5 Kxf5 142. Rf8+ Kg5 143. Rxf4 Kxf4 144. Kf2 g3+ 145. Kg2 Kg4 146.
Kg1 Kf3 147. Kf1 g2+ 148. Kg1 Kg3 1/2-1/2

[Event "TCh-CHN 2016"]
[Site "China CHN"]
[Date "2016.06.24"]
[Round "6.1"]
[Board "1"]
[White "Zeng, Chongsheng"]
[Black "Zhao, Jun"]
[Result "1/2-1/2"]
[WhiteTitle "GM"]
[BlackTitle "GM"]
[WhiteElo "2549"]
[BlackElo "2634"]
[WhiteTeam "Guangdong"]
[BlackTeam "Shandong"]
[WhiteFideId "8603847"]
[BlackFideId "8602522"]
[EventDate "2016.04.12"]

1. e4 e5 2. Nf3 Nc6 3. Nc3 Nf6 4. Bc4 Bc5 5. d3 d6 6. Bg5 h6 7. Bxf6 Qxf6 8. Nd5
Qd8 9. c3 Ne7 10. d4 Nxd5 11. Bxd5 exd4 12. Nxd4 O-O 13. O-O a5 14. a4 Rb8 15.
Qd3 Bd7 16. Bb3 Bxd4 17. cxd4 b5 18. Qc3 bxa4 19. Bxa4 Bxa4 20. Rxa4 Qe8 21.
Rxa5 Qxe4 22. Qxc7 Qxd4 23. Qc3 Qb6 24. Rd5 Qxb2 25. Qxb2 Rxb2 26. Rxd6 Rfb8 27.
h4 h5 28. Rfd1 g6 29. g3 Kg7 30. Kg2 R8b7 1/2-1/2

[Event "TCh-CHN 2016"]
[Site "China CHN"]
[Date "2016.06.24"]
[Round "6.1"]
[Board "2"]
[White "Liu, Chang"]
[Black "Bu, Xiangzhi"]
[Result "0-1"]
[BlackTitle "GM"]
[WhiteElo "2376"]
[BlackElo "2719"]
[WhiteTeam "Guangdong"]
[BlackTeam "Shandong"]
[WhiteFideId "8606340"]
[BlackFideId "8601445"]
[EventDate "2016.04.12"]

1. e4 c5 2. Nf3 Nc6 3. d4 cxd4 4. Nxd4 Nf6 5. Nc3 d6 6. Be2 e5 7. Nb3 Be7 8. O-O
O-O 9. f4 a5 10. a4 Nb4 11. f5 b6 12. Bg5 Bb7 13. Bf3 Rc8 14. Rf2 h6 15. Bxf6
Bxf6 16. Rd2 d5 17. exd5 e4 18. Bxe4 Bxc3 19. bxc3 Rxc3 20. Qf1 Re8 21. Re1 Qh4
22. g3 Qf6 23. Bg2 Rxe1 24. Qxe1 Nxc2 25. Qe8+ Kh7 26. d6 Bxg2 27. d7 Bc6 0-1